000 02366cam a22006374i 4500
003 PE-LiUPU
005 20250731170449.0
008 150706s2008 ck a rb 000 0 spa d
020 _a9589446264
020 _a9789589446263
035 _a(Sirsi) i9789589446263
040 _aPE-LiUPU
_bspa
_cPE-LiUPU
_dPE-LiUPU
_erda
049 _aPRUA
082 0 4 _a155.3
_bA68
_221
100 1 _aArdila, Rubén,
_eautor.
245 1 0 _aHomosexualidad y psicología /
_cRubén Ardila.
250 _a2a edición.
264 1 _aBogotá :
_bEl Manual Moderno,
_c2008.
300 _a149 páginas :
_bilustraciones ;
_c23 centímetros
336 _atext
_2rdacontent
337 _aunmediated
_2rdamedia
338 _avolume
_2rdacarrier
504 _aIncluye bibliografía.
505 0 _aPanorámica -- El estudio psicológico de la homosexualidad -- El ciclo vital de los homosexuales -- El problema de la normalidad y anormalidad -- Una investigación -- Las causas de la orientación sexual: ¿sexual o cultura? -La política de la homosexualidad: Stone Wall, la liberación gay y la aceptación social de la diversidad -- Un grupo humano y su identidad: la comunidad gay en el siglo XXI -- Problemas y perspectivas.
526 _aSEG68
526 _aSEG70
526 _aSEG69
526 _aSEG67
526 _aSEG43
526 _aP144
526 _aP143
526 _aP131
526 _aP122
526 _aP120
526 _aP117
526 _aP112
526 _aP110
526 _aP106
526 _aP101
526 _aP80
526 _aP59
526 _aP54
526 _aP35
526 _aP33
526 _aP30
541 _g001-0031616;
650 0 4 _aDesviaciones sexuales.
650 0 4 _aHomosexualidad
_xAspectos psicológicos.
650 0 4 _aSexualidad.
910 _bjv
_cjvm
_d20100614
942 _2ddc
_cBOOK
949 _a155.3 A68
_wDEWEY
_c1
_i61814
_d2016-10-27
_e2016-10-26
_lCCODEBUL1
_mBUL
_n2
_p36.00
_r0
_sY
_tBOOK
_u2015-7-6
_xSALUD
_PP33
_0COMPRA
_o.STAFF. Colección Ciencias de la Salud
994 _aC0
_bPEPRU
596 _a1
999 _a155.3 A68
_wDEWEY
_c50951
_i61814
_d50951
_e2019-4-30
_f2021-11-3
_g5
_lCCODEBUL1
_mBUL
_n9
_p36.00
_q3
_r0
_sY
_tBOOK
_u2015-7-6
_xSALUD
_zP33
_0COMPRA
_o.STAFF. Colección Ciencias de la Salud
980 _81
_gALBERTO SANCHEZ Responsable de Automatización